| 000 | 01615nam a22003137a 4500 | ||
|---|---|---|---|
| 005 | 20100901144323.0 | ||
| 008 | 100901t xxu||||| |||| 00| 0 eng d | ||
| 010 | _aENG-101394 B-424598-599 | ||
| 020 |
_a9788132105657 _c395.00 |
||
| 035 | _aEN-84927 B-424598-599 | ||
| 037 | _bDBAD/PUB | ||
| 037 | _bBlueberry/Ven | ||
| 040 |
_aDpl _bEng |
||
| 082 | _a338.9001 | ||
| 100 |
_aPieterse,Jan Nederveen _917947 |
||
| 245 |
_aDevelopment theory : _bdeconstructions/reconstructions / _cby Nederveen Pieterse, Jan |
||
| 250 | _a2nd ed | ||
| 260 |
_aNew Delhi _bSage Publications _c2010 |
||
| 270 |
_aB1/I-1 Mohan Cooperative Industrial Area, Mathura Road _bNew Delhi _e110044 |
||
| 300 |
_axviii,252p. _c24cm (pbk) |
||
| 500 | _aIncludes bibliographical references and index | ||
| 650 |
_a Development economics _917948 |
||
| 650 |
_aEconomic development _vSociological aspects _917949 |
||
| 942 |
_2ddc _cEN _h338.9001 _mPIE |
||
| 999 |
_c43398 _d43398 |
||